| 000 | 00556cam a22002051 4500 | ||
|---|---|---|---|
| 001 | 3113641 | ||
| 005 | 20180222064141.0 | ||
| 008 | 711124s1964 nyu b 000 0 eng | ||
| 010 | _a 64018336 | ||
| 040 |
_aDLC _cDLC _dDLC |
||
| 041 | _aeng | ||
| 080 | _a136.7354 GAL | ||
| 082 | 0 | 0 | _a136.7354 GAL |
| 100 | 1 | _a48 | |
| 101 | _aPSI | ||
| 245 | 1 | 0 |
_aEmotional problems of adolescents _c[by] J. Roswell Gallagher and Herbert I. Harris. |
| 504 | _aBibliography: p. 205-206. | ||
| 906 |
_a7 _bcbc _corignew _du _eocip _f19 _gy-gencatlg |
||
| 942 |
_2ddc _cBK |
||
| 999 |
_c43167 _d43167 |
||